000 00370nam a2200133Ia 4500
008 240624s9999 xx 000 0 und d
041 _aeng
082 _a658.4092 HBR
100 _aHARVARD BUSINESS REVIEW PRESS
245 _aON LEADERSHIP HBR S 10 MUST READS
260 _c2011
_aBoston
_bHarvard Business Press
300 _av, : 217 : p. : cm. ; 20
365 _cRS
_b27
999 _c16857
_d16857